Τα ευρωπαϊκά χρηματιστήρια σε περίοδο μετάβασης κάτω από τις παρατηρούμενες δυναμικές εξελίξεις

Saved in:
Bibliographic Details
Main Author: Αλεξάκης, Παναγιώτης
Format: Book
Language:Greek
Published: Αθήνα : [Εθνικό και Καποδιστριακό Πανεπιστήμιο Αθηνών], 1999.
Subjects:
Tags: Add Tag
No Tags, Be the first to tag this record!

MARC

LEADER 00000cam a2200000 a 4500
001 1/119790
008 190807t1999####gr | ||| |||| ||gre||
040 |a GR-MyUa  |b gre  |c GR-MyUa  |e AACR2 
041 0 |a gre 
082 7 |a 332.6424   |2 (23) 
100 1 |a Αλεξάκης, Παναγιώτης. 
245 1 3 |a Τα ευρωπαϊκά χρηματιστήρια σε περίοδο μετάβασης κάτω από τις παρατηρούμενες δυναμικές εξελίξεις /   |c Παναγιώτης Αλεξάκης.  
260 |a Αθήνα :   |b [Εθνικό και Καποδιστριακό Πανεπιστήμιο Αθηνών],   |c 1999.  
300 |a 83 σ. :   |c 25 εκ.  
650 0 |a Stock exchanges   |y Europe. 
852 |a INST  |b CHIOS  |c TSAMOYRGELIS  |e 20190807  |h 332.6424 ΑΛΕ  |p 005200037674  |q 005200037674  |t BK  |y 0 
970 |a Σπέντζα  |b Ελένη  |z 07-08-2019